| 000 | 00699nam a2200217 a 4500 | ||
|---|---|---|---|
| 005 | 20230323063533.0 | ||
| 008 | 170517s2007 mx r 000 0 spa d | ||
| 020 | _a9686839941 | ||
| 035 | _aUPN01000217848 | ||
| 049 | _aCG | ||
| 050 | 4 |
_aDG800 _bS2.6 |
|
| 100 | 1 |
_aSavarino Roggero, Franco, _d1965- _940483 |
|
| 245 | 1 | 4 |
_aLos orígenes de la Ciudad del Vaticano : _bEstado e Iglesia en Italia, 1913-1943 / _cFranco Savarino, Andrea Mutolo. |
| 260 |
_aMéxico : _bIMDOSOC, _c2007. |
||
| 300 | _a289 p. | ||
| 651 | 4 |
_aCIUDAD DEL VATICANO - _xHISTORIA _925898 |
|
| 650 | 4 |
_aIglesia y Estado _zItalia _xHistoria _925899 |
|
| 700 | 1 |
_aMutolo, Andrea, _ecoaut. |
|
| 905 | _aLibro | ||
| 999 |
_c189948 _d189948 |
||